| 000 | 00857nam a2200253 a 4500 | ||
|---|---|---|---|
| 008 | 951212s1979||||[C 0 slo c | ||
| 020 |
_c36 Kčs. _q(7850 výtl.) |
||
| 040 |
_aSNK _bslo _cSNK _eAACR2 |
||
| 041 | 1 |
_aslo _hslo |
|
| 044 |
_axo _cSK |
||
| 080 | _a371.3:372.874(072) | ||
| 080 | _a372.874(072) | ||
| 080 | _a372.874 | ||
| 080 | _a371.3(072) | ||
| 100 | 1 |
_aMacko, Anton _4aut |
|
| 245 | 1 | 0 |
_aVýtvarná výchova v 3. a 4. ročníku _bMetodická príručka _cAnton Macko, Otília Nevřelová ; Štefan Pavelka |
| 250 | _a2., vyd. | ||
| 260 |
_aBratislava _bSPN _c1979 _eBanská Bystrica _fTlačiarne SNP |
||
| 300 |
_a214 s., 15,76 AH _bČiernobiele a fareb. fot. Tb. _c25 cm |
||
| 500 | _aLit. 10. Ilustr. na front. a predsádkach. Slovník pojmov. | ||
| 700 | 1 |
_aNevřelová, Otília _4aut |
|
| 700 | 1 |
_aPavelka, Štefan _4bkd |
|
| 958 | _aA | ||
| 999 |
_c14889 _d14889 |
||